Synthetic spectra of CP stars compared with UVES spectra

Bibliographic Details
Main Authors: Castelli, F. (Author), Hubrig, S. (Author)
Format: Article
Language:Slovak
English

MARC

LEADER 00000nab a2200000 a 4500
001 vtls010716626
003 SK-MaSNL
005 20260304190416.0
008 250709s2008 xo |||||||||||||||||slo|
035 |a (urnnbn)urn:nbn:sk:snk:ar-a04n1o 
035 |a (uuid)28a3fce8-9d82-4d20-b416-0dccee511567 
035 |a urn:nbn:sk:snk-ab3ikx 
040 |a SNKBUCL  |b slo  |c SNKBUCL  |e AACR2 
041 0 |a eng 
044 |a xo  |c SK 
100 1 |a Castelli, F.  |4 aut  |9 1521422 
245 1 0 |a Synthetic spectra of CP stars compared with UVES spectra  |c F. Castelli, S. Hubrig 
700 1 |a Hubrig, S.  |4 aut  |9 1521423 
773 0 |t Contributions of the Astronomical Observatory Skalnaté Pleso  |g Roč. 38, č. 2 (2008), s. [399]-400 
850 |a Slovenská národná knižnica 
852 |a Slovenská národná knižnica 
958 |a article1 
958 |a OND 
958 |a EUIPO 
999 |c 3050121  |d 3052051